| 000 | 00914cam a22003131 4500 | ||
|---|---|---|---|
| 999 |
_c200441082 _d59294 |
||
| 001 | 200441082 | ||
| 003 | TR-AnTOB | ||
| 005 | 20220427095444.0 | ||
| 007 | ta | ||
| 008 | 210527s1970 njua 000 0 eng d | ||
| 010 | _a 65016577 | ||
| 015 | _aGB65-15993 | ||
| 035 | _a(OCoLC)167572 | ||
| 040 |
_aDLC _beng _erda _cODaWU _dOCoLC _dUk _dDLC _dTR-AnTOB |
||
| 041 | 0 | _aeng | |
| 050 | 0 | 4 |
_aHB172.5 _b.H45 1970 |
| 090 |
_aHB172.5 _b.H45 1970 |
||
| 100 | 1 |
_aHeilbroner, Robert L. _eauthor _911038 |
|
| 245 | 1 | 0 |
_aUnderstanding macroeconomics _c[by] Robert L. Heilbroner. |
| 264 | 1 |
_aEnglewood Cliffs, N.J. : _bPrentice-Hall, _c1970. |
|
| 300 |
_aviii, 248 pages : _billustrations, _c24 cm |
||
| 336 |
_atext _btxt _2rdacontent |
||
| 337 |
_aunmediated _bn _2rdamedia |
||
| 338 |
_avolume _bnc _2rdacarrier |
||
| 650 | 0 |
_aMacroeconomics _9421 |
|
| 942 |
_2lcc _cBK |
||